kỹ thuật sơn /
Sparad:
| Huvudupphovsman: | |
|---|---|
| Materialtyp: | Bok |
| Språk: | Vietnamese |
| Publicerad: |
H. :
Giáo dục ,
2003
|
| Ämnen: | |
| Taggar: |
Lägg till en tagg
Inga taggar, Lägg till första taggen!
|
| Thư viện lưu trữ: | Thư viện Trường CĐ Kỹ Thuật Cao Thắng |
|---|
| LEADER | 00649nam a2200205 a 4500 | ||
|---|---|---|---|
| 001 | TVCDKTCT211 | ||
| 003 | Thư viện trường Cao đẳng Kỹ thuật Cao Thắng | ||
| 005 | 20050801000000 | ||
| 008 | 050801 | ||
| 980 | \ | \ | |a Thư viện Trường CĐ Kỹ Thuật Cao Thắng |
| 024 | |a RG_1 #1 eb0 i1 | ||
| 041 | 0 | # | |a vie |
| 082 | # | # | |a 667.6 / |b NG527L-k |
| 100 | 1 | # | |a Nguyễn Văn Lộc |
| 245 | 0 | 0 | |a kỹ thuật sơn / |c Nguyễn Văn Lộc |
| 260 | # | # | |a H. : |b Giáo dục , |c 2003 |
| 300 | # | # | |a 307tr. ; |c 20.5 cm |
| 650 | # | 4 | |a Cơ khí |
| 650 | # | 4 | |a kỹ thuật sơn |
| 650 | # | 4 | |a Sơn--Sơn kim loai--Sơn trên gỗ |